[Event "ASS mot 100"]
[Site "Astorp"]
[Date "2015.10.21"]
[Round "1"]
[White "Bengtsson, Jan"]
[Black "Nilsson, Patrik"]
[Result "0-1"]
[WhiteElo "1999"]
[BlackElo "2227"]

1.c4 f5 2.Nc3 Nf6 3.Qc2 g6 4.e4 d6 5.d4 Nc6 6.Nf3 fxe4 7.Nxe4 Nxe4 8.Qxe4 
Bf5 9.Qd5 a6 10.Ng5 e6 11.Qf3 Nxd4 12.Qc3 Bg7 13.Kd1 O-O 14.Bd3 Bg4+ 15.f3
Nxf3 16.gxf3 Bxc3 17.fxg4 Bxb2 0-1

[Event "ASS mot 100"]
[Site "Astorp"]
[Date "2015.10.26"]
[Round "8"]
[White "Rosell, Tomas"]
[Black "Thomasson, Staffan"]
[Result "1-0"]
[WhiteElo "2264"]
[BlackElo "2058"]

1.e4 g6 2.d4 Bg7 3.Nc3 c5 4.dxc5 Bxc3+ 5.bxc3 Qa5 6.Nf3 Qxc3+ 7.Bd2 Qxc5 
8.Bd3 Nc6 9.Rb1 Ne5 10.Nxe5 Qxe5 11.O-O b6 12.f4 Qc5+ 13.Kh1 Bb7 14.Qe2 
Rc8 15.Be3 Qc6 16.Rfd1 Rc7 17.Rb4 Bc8 18.Bd4 f6 19.e5 Qe6 20.Bb2 Kf8 21.
Rc4 Rxc4 22.Bxc4 Qf5 23.Bxg8 Kxg8 24.exf6 exf6 25.Qe7 Qxc2 26.Rc1 1-0

[Event "ASS mot 100"]
[Site "Astorp"]
[Date "2015.10.28"]
[Round "1"]
[White "Agovic, Sejfo"]
[Black "Mena, Daniel"]
[Result "0-1"]
[WhiteElo "1846"]
[BlackElo "1649"]

1.e4 e5 2.Nf3 Nc6 3.Bc4 Nf6 4.d3 h6 5.c3 Be7 6.O-O O-O 7.Re1 d6 8.h3 Na5 
9.Nbd2 Nxc4 10.Nxc4 b5 11.Na5 Qd7 12.d4 Qe6 13.d5 Qd7 14.Qe2 Re8 15.Nc6 a6
16.b4 Bb7 17.Na5 c6 18.dxc6 Bxc6 19.Nxc6 Qxc6 20.Bb2 Rac8 21.Nh4 Bd8 22.
Nf5 Bc7 23.Qf3 d5 24.Qg3 Nh5 25.Qg4 Qg6 26.exd5 Nf6 27.Ne7+ Rxe7 28.Qxc8+ 
Kh7 29.Rad1 Ne4 30.Qg4 f5 31.Qxg6+ Kxg6 32.g3 Bb6 33.Rxe4 fxe4 34.a4 Rd7 
35.axb5 axb5 36.c4 bxc4 37.Bxe5 Kf5 38.Bf4 g5 39.Bb8 h5 40.d6 Ke5 41.Kf1 
Rb7 42.Bc7 Bxc7 43.dxc7 Rxc7 44.Ke2 Rb7 45.Rb1 Kd4 46.Rd1+ Ke5 47.Rb1 Kd4 
48.Kd2 Rb5 49.Kc2 c3 50.Rb3 Rf5 51.Rb1 Rxf2+ 52.Kb3 c2 53.Rc1 Kd3 54.b5 e3
55.b6 Rf6 0-1

[Event "ASS mot 100"]
[Site "Astorp"]
[Date "2015.11.04"]
[Round "5"]
[White "Agovic, Sejfo"]
[Black "Rosell, Tomas"]
[Result "0-1"]
[WhiteElo "1846"]
[BlackElo "2264"]

1.e4 c5 2.Nf3 d6 3.d4 cxd4 4.Nxd4 Nf6 5.Nc3 g6 6.Be2 Bg7 7.O-O Nc6 8.Be3 
O-O 9.a3 Bd7 10.Nb3 Rc8 11.f4 Be6 12.Bf3 Na5 13.Nd4 Bd7 14.Rb1 Nc4 15.Bf2 
Nxa3 16.Ra1 Nc4 17.Rxa7 Nxb2 18.Qb1 Nc4 19.Rd1 b6 20.Qb4 Ng4 21.Bxg4 Bxg4 
22.Rd3 Re8 23.h3 Bd7 24.Nf3 Rc7 25.Rxc7 Qxc7 26.Nd5 Qc8 27.e5 Be6 28.c3 
Qc6 29.Ne3 dxe5 30.fxe5 Nxe5 31.Nxe5 Bxe5 32.c4 Qe4 33.Rd1 Bd4 34.Ng4 
Bxf2+ 35.Nxf2 Qc6 36.Qb5 Qxb5 37.cxb5 Rc8 38.Rb1 Bf5 39.Rb4 Rc5 40.g4 Bd7 
41.Re4 Kf8 42.Nd3 Rxb5 43.Ne5 Be8 44.h4 Rb2 45.Kf1 f6 46.Rf4 Bb5+ 47.Kg1 
Kg7 48.Nf3 e5 49.Re4 Bc6 50.Re3 Bxf3 51.Rxf3 Kf7 0-1

[Event "ASS mot 100"]
[Site "Astorp"]
[Date "2015.11.09"]
[Round "5"]
[White "Olsson, Lars"]
[Black "Andersson, Stefan"]
[Result "0-1"]
[WhiteElo "2048"]
[BlackElo "2002"]

1.c4 e6 2.d4 d5 3.Nc3 Nf6 4.Bg5 Be7 5.e3 O-O 6.Nf3 b6 7.Bd3 Bb7 8.cxd5 
Nxd5 9.Bxe7 Qxe7 10.Nxd5 Bxd5 11.O-O Nd7 12.Qc2 Bxf3 13.gxf3 Nf6 14.Rac1 
Nd5 15.Bxh7+ Kh8 16.Be4 Rac8 17.Kh1 Nb4 18.Qa4 c5 19.a3 f5 20.Bb1 Nd5 21.
dxc5 Rxc5 22.Rxc5 bxc5 23.Ba2 Nb6 24.Qc6 Rf6 25.Rc1 Rh6 26.Qxc5 Qh4 27.Qe5
Qxf2 28.Qf4 Qxb2 29.Rg1 Qf2 30.Rc1 Qb2 31.Rg1 Qxa2 32.Qe5 Rf6 33.Qc7 g6 
34.Qe7 Qb2 35.Qe8+ Kg7 36.Rxg6+ Rxg6 37.Qe7+ Kh6 38.Qh4+ Kg7 39.Qe7+ Kh8 
40.Qf8+ Kh7 0-1